000 00630nam a2200217 4500
001 121186
003 ES-MaACL
005 20230906191715.0
007 t|
008 070214s1981 sp r ||||1| spa d
100 1 _aPrevel, Roger.
_993807
245 1 3 _aLa música y Federico Mompou /
_cRoger Prevel ; traducción de Carmen Boada.
250 _a1ª ed.
260 _aEsplugues de Llobregat :
_bPlaza & Janés,
_c1981.
300 _a200 p. ;
_c19 cm.
490 1 _aLa vida es río
700 1 _aBoada, Carmen.
_929613
830 0 _aLa vida es río
_9181855
852 _aES-MaACL
_jL-1272
_bR.101904
999 _c121186
_d121186